<?xml version="1.0" encoding="UTF-8"?>
<record
    xmlns:xsi="http://www.w3.org/2001/XMLSchema-instance"
    xsi:schemaLocation="http://www.loc.gov/MARC21/slim http://www.loc.gov/standards/marcxml/schema/MARC21slim.xsd"
    xmlns="http://www.loc.gov/MARC21/slim">

  <leader>00686nam a22001697a 4500</leader>
  <controlfield tag="005">20260219115128.0</controlfield>
  <controlfield tag="008">260219b        |||||||| |||| 00| 0 eng d</controlfield>
  <datafield tag="020" ind1=" " ind2=" ">
    <subfield code="a">9789393875129</subfield>
  </datafield>
  <datafield tag="040" ind1=" " ind2=" ">
    <subfield code="c">VITAP</subfield>
  </datafield>
  <datafield tag="082" ind1=" " ind2=" ">
    <subfield code="2">23</subfield>
    <subfield code="a">954.82 NAM</subfield>
  </datafield>
  <datafield tag="100" ind1=" " ind2=" ">
    <subfield code="a">Nambath, Suresh Ed.</subfield>
    <subfield code="9">17148</subfield>
  </datafield>
  <datafield tag="245" ind1=" " ind2=" ">
    <subfield code="a">Tamil Nadu in Focus</subfield>
    <subfield code="b">: Culture And Society; Politics and Governance</subfield>
    <subfield code="c">/ Suresh Nambath Ed.</subfield>
  </datafield>
  <datafield tag="260" ind1=" " ind2=" ">
    <subfield code="a">Chennai</subfield>
    <subfield code="b">THG Publishing Pvt Ltd.</subfield>
    <subfield code="c">2023</subfield>
  </datafield>
  <datafield tag="300" ind1=" " ind2=" ">
    <subfield code="a">240p, ill.: 26cm</subfield>
  </datafield>
  <datafield tag="650" ind1=" " ind2="0">
    <subfield code="a">Physical Features, History of Tamil Nadu, Administration &amp; Politics, Economy, Culture &amp; Heritage  Tamil language and litera, Education &amp; Social Development, Art &amp; Architecture etc.</subfield>
    <subfield code="9">17149</subfield>
  </datafield>
  <datafield tag="942" ind1=" " ind2=" ">
    <subfield code="2">ddc</subfield>
    <subfield code="c">REF</subfield>
  </datafield>
  <datafield tag="999" ind1=" " ind2=" ">
    <subfield code="c">47303</subfield>
    <subfield code="d">47303</subfield>
  </datafield>
  <datafield tag="952" ind1=" " ind2=" ">
    <subfield code="0">0</subfield>
    <subfield code="1">0</subfield>
    <subfield code="2">ddc</subfield>
    <subfield code="3">Paper Back</subfield>
    <subfield code="4">0</subfield>
    <subfield code="7">1</subfield>
    <subfield code="8">REF</subfield>
    <subfield code="a">VSB</subfield>
    <subfield code="b">VITAP</subfield>
    <subfield code="c">REF</subfield>
    <subfield code="d">2026-01-12</subfield>
    <subfield code="e">The Hindu Group of Publications</subfield>
    <subfield code="g">599.00</subfield>
    <subfield code="i">9001173329</subfield>
    <subfield code="l">0</subfield>
    <subfield code="o">954.82 NAM</subfield>
    <subfield code="p">025512</subfield>
    <subfield code="r">2026-02-19 11:52:47</subfield>
    <subfield code="v">599.00</subfield>
    <subfield code="w">2026-01-12</subfield>
    <subfield code="y">REF</subfield>
    <subfield code="z">GEN</subfield>
  </datafield>
</record>
